000 00435nam a2200145Ia 4500
008 090122s9999 xx 000 0 und d
082 _b6613
_a920.71
100 _aसोनार
_bवा
_cरा
245 _aभेटी लागी दरवळ
600 _aसोनार
630 _aभेटी लागी दरवळ
700 _aसोनार
730 _aभेटी लागी दरवळ
942 _cBOOK
999 _c30690
_d30690